000 00609nam a22002177a 4500
003 UA-OsUOA
001 123456
007 ta
008 20170619b un ||||| |||| 00| 0 ukr d
100 _aГалущак І.
090 _a94(477)
_bГ16
942 _cSA
040 _aUA-OsUOA
_bukr
_cUA-OsUOA
_dUA-OsUOA
245 _aГаличина між двома світовими війнами: від розвою до занепаду
300 _aС.10
955 _a0
041 _aukr
080 _a94(477)
773 0 _w123455
650 7 _a9 Географія. Біографії. Історія
_2UDC
999 _c410517
_d410517